[Event "Mitropa Cup 27th"]
[Site "Olbia"]
[Date "2008.06.03"]
[Round "9.1"]
[White "Baramidze, David"]
[Black "Lenic, Luka"]
[Result "1-0"]
[WhiteElo "2583"]
[BlackElo "2584"]
[PlyCount "109"]
[EventDate "2008.05.25"]
[EventType "team-tourn"]
[EventRounds "9"]
[EventCountry "ITA"]
[Source "ChessBase"]
[SourceDate "2008.07.03"]
[WhiteTeam "Germany"]
[BlackTeam "Slovenia"]
[WhiteTeamCountry "GER"]
[BlackTeamCountry "SVK"]

1. e4 e5 2. Nf3 Nc6 3. Bb5 a6 4. Ba4 Nf6 5. O-O b5 6. Bb3 Bc5 7. c3 d6 8. d4
Bb6 9. Be3 Bg4 10. Nbd2 O-O 11. h3 Bh5 12. dxe5 dxe5 13. Qe2 Re8 14. Rfd1 Bxe3
15. Qxe3 Na5 16. Bxf7+ Bxf7 17. Nb3 Nc4 18. Rxd8 Nxe3 19. Rxa8 Rxa8 20. fxe3
Nxe4 21. Nxe5 Bxb3 22. axb3 Nd2 23. b4 Re8 24. Nc6 Nc4 25. Rxa6 Rxe3 26. Ra8+
Kf7 27. Rc8 Re2 28. Rxc7+ Kf6 29. Kh2 Ne3 30. Kg3 Nf5+ 31. Kf3 Rxb2 32. g4 Nd6
33. Rd7 Nc4 34. Rd5 g6 35. g5+ Kg7 36. Nd4 Rh2 37. Kg3 Ra2 38. Kf4 Rh2 39. Kg3
Rd2 40. Rxb5 Rd3+ 41. Kh2 Rd2+ 42. Kg1 Rd1+ 43. Kf2 Rd3 44. Rc5 Nd6 45. Rc7+
Kg8 46. b5 Ne4+ 47. Ke2 Rxc3 48. Rxc3 Nxc3+ 49. Kd3 Na4 50. Kc4 h6 51. gxh6 Kh7
52. Kb4 Nb6 53. Kc5 Nc8 54. Nc6 Kxh6 55. Na7 1-0

[Event "Mitropa Cup 27th"]
[Site "Olbia"]
[Date "2008.06.03"]
[Round "9.2"]
[White "Borisek, Jure"]
[Black "Braun, Arik"]
[Result "1-0"]
[WhiteElo "2522"]
[BlackElo "2529"]
[PlyCount "73"]
[EventDate "2008.05.25"]
[EventType "team-tourn"]
[EventRounds "9"]
[EventCountry "ITA"]
[Source "ChessBase"]
[SourceDate "2008.07.03"]
[WhiteTeam "Slovenia"]
[BlackTeam "Germany"]
[WhiteTeamCountry "SVK"]
[BlackTeamCountry "GER"]

1. e4 c6 2. d4 d5 3. exd5 cxd5 4. c4 Nf6 5. Nc3 Nc6 6. Bg5 e6 7. c5 Be7 8. Nf3
O-O 9. Rc1 Ne4 10. Bxe7 Qxe7 11. Bb5 Nxc3 12. Rxc3 e5 13. dxe5 Nxe5 14. O-O
Nxf3+ 15. Qxf3 d4 16. Rc2 Be6 17. b4 a5 18. a3 axb4 19. axb4 Rfd8 20. Qe4 Ra3
21. Rd2 f5 22. Qe5 Qf6 23. Qxf6 gxf6 24. Rfd1 Bb3 25. Rxd4 Rxd4 26. Rxd4 Ra1+
27. Bf1 f4 28. f3 Ba4 29. Rd8+ Kf7 30. Ra8 Ke6 31. b5 Kd5 32. c6 Rxf1+ 33. Kxf1
Bxb5+ 34. Ke1 bxc6 35. Rh8 Bd3 36. Rd8+ Kc4 37. Rd6 1-0

[Event "Mitropa Cup 27th"]
[Site "Olbia"]
[Date "2008.06.03"]
[Round "9.3"]
[White "Naumann, Alexander"]
[Black "Sebenik, Matej"]
[Result "1/2-1/2"]
[WhiteElo "2523"]
[BlackElo "2502"]
[PlyCount "64"]
[EventDate "2008.05.25"]
[EventType "team-tourn"]
[EventRounds "9"]
[EventCountry "ITA"]
[Source "ChessBase"]
[SourceDate "2008.07.03"]
[WhiteTeam "Germany"]
[BlackTeam "Slovenia"]
[WhiteTeamCountry "GER"]
[BlackTeamCountry "SVK"]

1. Nf3 Nf6 2. c4 g6 3. d4 Bg7 4. g3 O-O 5. Bg2 c6 6. O-O d5 7. Nbd2 Bf5 8. b3
Ne4 9. Bb2 a5 10. Nh4 Nxd2 11. Qxd2 Be6 12. Rac1 a4 13. Nf3 axb3 14. axb3 Ra2
15. c5 Qc8 16. Ra1 Rxa1 17. Rxa1 Na6 18. b4 Nc7 19. Ne1 Bh3 20. Bh1 Nb5 21. e3
h5 22. Nd3 h4 23. Nf4 hxg3 24. Nxh3 Qxh3 25. hxg3 Bf6 26. Bg2 Qh5 27. Qd1 Qxd1+
28. Rxd1 Ra8 29. Ra1 Rxa1+ 30. Bxa1 e6 31. Bb2 Bd8 32. Bf1 f5 1/2-1/2

[Event "Mitropa Cup 27th"]
[Site "Olbia"]
[Date "2008.06.03"]
[Round "9.4"]
[White "Skoberne, Jure"]
[Black "Huschenbeth, Niclas"]
[Result "1/2-1/2"]
[WhiteElo "2492"]
[BlackElo "2453"]
[PlyCount "111"]
[EventDate "2008.05.25"]
[EventType "team-tourn"]
[EventRounds "9"]
[EventCountry "ITA"]
[Source "ChessBase"]
[SourceDate "2008.07.03"]
[WhiteTeam "Slovenia"]
[BlackTeam "Germany"]
[WhiteTeamCountry "SVK"]
[BlackTeamCountry "GER"]

1. c4 Nf6 2. Nf3 g6 3. d4 Bg7 4. g3 O-O 5. Bg2 d6 6. O-O Nc6 7. Nc3 a6 8. e4 e5
9. d5 Ne7 10. Ne1 Nd7 11. Nd3 f5 12. f4 b6 13. Be3 fxe4 14. Nxe4 Nf5 15. Bf2
exf4 16. Nxf4 Ne5 17. Qc2 Nh4 18. gxh4 Rxf4 19. h3 Bf5 20. Bg3 Rxf1+ 21. Rxf1
Qd7 22. Kh2 Re8 23. b3 Qe7 24. Re1 Nd7 25. Qf2 Be5 26. Re3 Bxg3+ 27. Qxg3 Kh8
28. Re2 Bxe4 29. Rxe4 Ne5 30. b4 Rf8 31. a4 Qf6 32. a5 bxa5 33. bxa5 Qf2 34.
Qxf2 Rxf2 35. c5 Ra2 36. Rb4 Rxa5 37. Rb8+ Kg7 38. c6 Nd3 39. Rc8 Nf4 40. Rxc7+
Kf6 41. Rd7 Ke5 42. Re7+ Kf6 43. Re4 Nxd5 44. Rd4 Ne7 45. Rxd6+ Kf7 46. Bf3 Rc5
47. h5 gxh5 48. Rh6 Kg7 49. Rd6 Kf7 50. Rd7 Ke6 51. Ra7 a5 52. Kg3 Nxc6 53.
Bxc6 Rxc6 54. Rxa5 Ke7 55. Kh4 Kf7 56. Kxh5 1/2-1/2

[Event "Mitropa Cup (Women) 6th"]
[Site "Rogaska Slatina"]
[Date "2009.05.09"]
[Round "1"]
[White "Franciskovic, Borka"]
[Black "Novkovic, Julia"]
[Result "1-0"]
[WhiteElo "2262"]
[BlackElo "2143"]
[PlyCount "93"]
[EventDate "2009.05.09"]
[EventType "team-tourn"]
[EventRounds "7"]
[EventCountry "SLO"]
[Source "ChessBase"]
[SourceDate "2009.07.02"]
[WhiteTeam "Croatia (W)"]
[BlackTeam "Austria (W)"]
[WhiteTeamCountry "CRO"]
[BlackTeamCountry "AUT"]

1. c4 e5 2. Nc3 Nc6 3. g3 g6 4. Bg2 Bg7 5. e3 d6 6. Nge2 Be6 7. d4 Bg4 8. h3
Bxe2 9. Nxe2 Nge7 10. d5 Nb8 11. O-O O-O 12. Bd2 a5 13. Qc2 c6 14. dxc6 bxc6
15. Rfd1 Na6 16. Bc3 Qc7 17. Qd2 Nc5 18. Qxd6 Qxd6 19. Rxd6 Rfc8 20. Rad1 Na4
21. b3 Nxc3 22. Nxc3 Bf8 23. Na4 Rab8 24. Rd7 Nf5 25. Ra7 Bb4 26. Rdd7 Nd6 27.
Ra6 e4 28. c5 Nb7 29. Bxe4 Nxc5 30. Nxc5 Bxc5 31. Bxc6 Rb6 32. Rxb6 Bxb6 33.
Bd5 Rc7 34. Bxf7+ Kf8 35. Rxc7 Bxc7 36. Bc4 Ke7 37. Kf1 Kd6 38. Ke2 Ke5 39. Kd3
h6 40. f4+ Kd6 41. e4 Ke7 42. e5 h5 43. Ke4 Bb6 44. g4 hxg4 45. hxg4 Bc5 46. f5
gxf5+ 47. gxf5 1-0

[Event "Mitropa Cup (Women) 6th"]
[Site "Rogaska Slatina"]
[Date "2009.05.09"]
[Round "1"]
[White "Schink, Barbara"]
[Black "Saric, Kristina"]
[Result "0-1"]
[WhiteElo "2029"]
[BlackElo "2233"]
[PlyCount "76"]
[EventDate "2009.05.09"]
[EventType "team-tourn"]
[EventRounds "7"]
[EventCountry "SLO"]
[Source "ChessBase"]
[SourceDate "2009.07.02"]
[WhiteTeam "Austria (W)"]
[BlackTeam "Croatia (W)"]
[WhiteTeamCountry "AUT"]
[BlackTeamCountry "CRO"]

1. e4 c5 2. Nf3 Nc6 3. d4 cxd4 4. Nxd4 Qb6 5. Nb3 Nf6 6. Nc3 e6 7. Bd3 a6 8.
O-O Be7 9. Be3 Qc7 10. f4 d6 11. Qe1 O-O 12. Qg3 b5 13. Rae1 b4 14. Nd1 Bd7 15.
Nf2 Rfe8 16. Bc1 e5 17. f5 Qd8 18. Qf3 a5 19. g4 a4 20. Nd2 Nd4 21. Qh3 h6 22.
Bc4 Nh7 23. c3 bxc3 24. bxc3 Nb5 25. Qd3 Qa5 26. Nf3 Bc6 27. h4 Rec8 28. g5
Qxc3 29. Qxc3 Nxc3 30. f6 gxf6 31. g6 Nf8 32. gxf7+ Kh7 33. Re3 Bb5 34. Bxb5
Nxb5 35. Kh2 Ne6 36. Ng4 h5 37. Nf2 Rc2 38. a3 Rf8 0-1

[Event "Mitropa Cup (Women) 6th"]
[Site "Rogaska Slatina"]
[Date "2009.05.09"]
[Round "1"]
[White "Nicoara, Malina"]
[Black "Dudas, Eszter"]
[Result "0-1"]
[WhiteElo "2167"]
[BlackElo "2140"]
[PlyCount "58"]
[EventDate "2009.05.09"]
[EventType "team-tourn"]
[EventRounds "7"]
[EventCountry "SLO"]
[Source "ChessBase"]
[SourceDate "2009.07.02"]
[WhiteTeam "France (W)"]
[BlackTeam "Hungary (W)"]
[WhiteTeamCountry "FRA"]
[BlackTeamCountry "HUN"]

1. d4 Nf6 2. c4 e6 3. Nc3 Bb4 4. Qc2 O-O 5. a3 Bxc3+ 6. Qxc3 b6 7. Bg5 Bb7 8.
e3 d6 9. f3 Nbd7 10. Bd3 c5 11. Ne2 Rc8 12. O-O Ba6 13. b4 cxd4 14. Qxd4 h6 15.
Bxf6 Qxf6 16. b5 Bb7 17. Qxf6 Nxf6 18. Nd4 Nd7 19. Rac1 Rc7 20. Be2 Rfc8 21.
Nb3 Kf8 22. Rfd1 Ke7 23. f4 Nc5 24. Nxc5 Rxc5 25. Rb1 d5 26. cxd5 Bxd5 27. Bd3
Rc3 28. a4 Bb3 29. Rd2 Rd8 0-1

[Event "Mitropa Cup (Women) 6th"]
[Site "Rogaska Slatina"]
[Date "2009.05.09"]
[Round "1"]
[White "Papp, Petra"]
[Black "Flear, Christine"]
[Result "1-0"]
[WhiteElo "2141"]
[BlackElo "2172"]
[PlyCount "87"]
[EventDate "2009.05.09"]
[EventType "team-tourn"]
[EventRounds "7"]
[EventCountry "SLO"]
[Source "ChessBase"]
[SourceDate "2009.07.02"]
[WhiteTeam "Hungary (W)"]
[BlackTeam "France (W)"]
[WhiteTeamCountry "HUN"]
[BlackTeamCountry "FRA"]

1. e4 c5 2. Nf3 e6 3. d4 cxd4 4. Nxd4 a6 5. c4 Nf6 6. Nc3 Qc7 7. a3 Nc6 8. Be3
d6 9. Be2 Be7 10. O-O Bd7 11. f3 O-O 12. Rc1 Nxd4 13. Bxd4 Bc6 14. Nd5 Bxd5 15.
cxd5 Qd7 16. dxe6 Qxe6 17. Bc4 Qd7 18. Qd2 b5 19. Ba2 Rac8 20. Rcd1 Qb7 21. b4
Rfd8 22. Qf2 Rd7 23. Bb3 Ne8 24. Qg3 g6 25. Qf4 Bf8 26. Bd5 Qb8 27. Rc1 Bg7 28.
Bxg7 Kxg7 29. Rxc8 Qxc8 30. Rc1 Qb8 31. Qe3 Rc7 32. Rc6 Kg8 33. Rxa6 Qc8 34.
Ra8 Rc1+ 35. Kf2 Rc2+ 36. Kg3 Qd7 37. Qb3 Re2 38. Bxf7+ Kg7 39. Bxe8 Qe7 40.
Qf7+ Qxf7 41. Bxf7 Kxf7 42. Rb8 Re3 43. Rxb5 Rxa3 44. Rb7+ 1-0

[Event "Mitropa Cup (Women) 6th"]
[Site "Rogaska Slatina"]
[Date "2009.05.09"]
[Round "1"]
[White "Rozic, Vesna"]
[Black "Krivec, Jana"]
[Result "1/2-1/2"]
[WhiteElo "2249"]
[BlackElo "2322"]
[PlyCount "48"]
[EventDate "2009.05.09"]
[EventType "team-tourn"]
[EventRounds "7"]
[EventCountry "SLO"]
[Source "ChessBase"]
[SourceDate "2009.07.02"]
[WhiteTeam "Slovenia (W) II"]
[BlackTeam "Slovenia (W)"]
[WhiteTeamCountry "SLO"]
[BlackTeamCountry "SLO"]

1. d4 d5 2. c4 dxc4 3. Nf3 Nf6 4. e3 e6 5. Bxc4 c5 6. O-O a6 7. dxc5 Qxd1 8.
Rxd1 Bxc5 9. Be2 O-O 10. b3 Nbd7 11. Bb2 b6 12. Nc3 b5 13. Ng5 Bb7 14. Bf3 Bxf3
15. Nxf3 Rfc8 16. Rac1 Rc7 17. Ne2 Rac8 18. Kf1 Kf8 19. Ne5 Nxe5 20. Bxe5 Rc6
21. Rxc5 Rxc5 22. Bd6+ Ke8 23. Bxc5 Rxc5 24. Rc1 Rxc1+ 1/2-1/2

[Event "Mitropa Cup (Women) 6th"]
[Site "Rogaska Slatina"]
[Date "2009.05.09"]
[Round "1"]
[White "Srebrnic, Ana"]
[Black "Novak, Ksenija"]
[Result "1/2-1/2"]
[WhiteElo "2283"]
[BlackElo "2174"]
[PlyCount "50"]
[EventDate "2009.05.09"]
[EventType "team-tourn"]
[EventRounds "7"]
[EventCountry "SLO"]
[Source "ChessBase"]
[SourceDate "2009.07.02"]
[WhiteTeam "Slovenia (W)"]
[BlackTeam "Slovenia (W) II"]
[WhiteTeamCountry "SLO"]
[BlackTeamCountry "SLO"]

1. d4 Nf6 2. c4 c5 3. d5 b5 4. cxb5 a6 5. bxa6 e6 6. Nc3 Nxd5 7. Nxd5 exd5 8.
Qxd5 Nc6 9. e3 Be7 10. Bc4 O-O 11. Nf3 Bxa6 12. Bxa6 Qa5+ 13. Bd2 Qxa6 14. Bc3
Nb4 15. Bxb4 cxb4 16. Ne5 b3 17. a4 Bb4+ 18. Kd1 Rac8 19. Qxb3 Qd6+ 20. Nd3 Rc3
21. bxc3 Qxd3+ 22. Kc1 Rc8 23. Qxb4 Rxc3+ 24. Qxc3 Qxc3+ 25. Kb1 Qb3+ 1/2-1/2

[Event "Mitropa Cup (Women) 6th"]
[Site "Rogaska Slatina"]
[Date "2009.05.10"]
[Round "2"]
[White "Krivec, Jana"]
[Black "Novkovic, Julia"]
[Result "1-0"]
[WhiteElo "2322"]
[BlackElo "2143"]
[PlyCount "55"]
[EventDate "2009.05.09"]
[EventType "team-tourn"]
[EventRounds "7"]
[EventCountry "SLO"]
[Source "ChessBase"]
[SourceDate "2009.07.02"]
[WhiteTeam "Slovenia (W)"]
[BlackTeam "Austria (W)"]
[WhiteTeamCountry "SLO"]
[BlackTeamCountry "AUT"]

1. e4 c5 2. Nf3 Nc6 3. d4 cxd4 4. Nxd4 Nf6 5. Nc3 d6 6. Bc4 e6 7. Be3 a6 8. Bb3
Qc7 9. f4 b5 10. f5 Nxd4 11. Bxd4 b4 12. Bxf6 gxf6 13. Ne2 Qc5 14. fxe6 fxe6
15. Qd3 a5 16. Nd4 Ke7 17. O-O-O Bh6+ 18. Kb1 Bf4 19. Qh3 Be5 20. Nxe6 Qb5 21.
Qg4 Bxe6 22. Qxe6+ Kd8 23. Rxd6+ Bxd6 24. Rd1 Re8 25. Qxd6+ Kc8 26. Be6+ Kb7
27. Bd5+ Ka7 28. Qc7+ 1-0

[Event "Mitropa Cup (Women) 6th"]
[Site "Rogaska Slatina"]
[Date "2009.05.10"]
[Round "2"]
[White "Schink, Barbara"]
[Black "Srebrnic, Ana"]
[Result "1/2-1/2"]
[WhiteElo "2029"]
[BlackElo "2283"]
[PlyCount "56"]
[EventDate "2009.05.09"]
[EventType "team-tourn"]
[EventRounds "7"]
[EventCountry "SLO"]
[Source "ChessBase"]
[SourceDate "2009.07.02"]
[WhiteTeam "Austria (W)"]
[BlackTeam "Slovenia (W)"]
[WhiteTeamCountry "AUT"]
[BlackTeamCountry "SLO"]

1. e4 e5 2. Nf3 Nc6 3. Bc4 Nf6 4. d3 Be7 5. c3 O-O 6. O-O d6 7. Re1 h6 8. Nbd2
Nh7 9. Nf1 Ng5 10. Nxg5 Bxg5 11. Ne3 Kh8 12. Qf3 g6 13. g3 h5 14. Bb3 Kg7 15.
h4 Bh6 16. Kg2 Ne7 17. Bc2 Ng8 18. d4 f6 19. Qe2 Be6 20. Nf1 Qd7 21. Nh2 Bxc1
22. Rexc1 Nh6 23. Re1 Rad8 24. Bb3 Bxb3 25. axb3 a6 26. Qd3 Qc6 27. d5 Qd7 28.
Qe2 Rde8 1/2-1/2

[Event "Mitropa Cup (Women) 6th"]
[Site "Rogaska Slatina"]
[Date "2009.05.10"]
[Round "2"]
[White "Flear, Christine"]
[Black "Franciskovic, Borka"]
[Result "1-0"]
[WhiteElo "2172"]
[BlackElo "2262"]
[PlyCount "81"]
[EventDate "2009.05.09"]
[EventType "team-tourn"]
[EventRounds "7"]
[EventCountry "SLO"]
[Source "ChessBase"]
[SourceDate "2009.07.02"]
[WhiteTeam "France (W)"]
[BlackTeam "Croatia (W)"]
[WhiteTeamCountry "FRA"]
[BlackTeamCountry "CRO"]

1. d4 Nf6 2. c4 e6 3. Nf3 Bb4+ 4. Nbd2 b6 5. a3 Bxd2+ 6. Qxd2 Bb7 7. e3 d6 8.
Be2 O-O 9. O-O Nbd7 10. b4 Ne4 11. Qc2 f5 12. d5 e5 13. Ne1 Qh4 14. f3 Ng5 15.
f4 Ne4 16. Nf3 Qh6 17. Bd3 c6 18. fxe5 cxd5 19. exd6 Qxd6 20. Bb2 Rac8 21. Qb3
Kh8 22. Nd4 Qg6 23. Nf3 dxc4 24. Bxc4 Nd2 25. Nh4 Qg5 26. Qd3 Nxc4 27. Qxd7
Nxb2 28. Qxb7 Qxh4 29. Rxf5 Qd8 30. Raf1 Rxf5 31. Rxf5 Rc1+ 32. Kf2 Qh4+ 33.
Ke2 Re1+ 34. Kd2 Qd8+ 35. Kxe1 h6 36. Qe4 Qd1+ 37. Kf2 Qd2+ 38. Kg3 Qd8 39. Re5
Qc7 40. Kh3 Qd7+ 41. g4 1-0

[Event "Mitropa Cup (Women) 6th"]
[Site "Rogaska Slatina"]
[Date "2009.05.10"]
[Round "2"]
[White "Saric, Kristina"]
[Black "Nicoara, Malina"]
[Result "0-1"]
[WhiteElo "2233"]
[BlackElo "2167"]
[PlyCount "104"]
[EventDate "2009.05.09"]
[EventType "team-tourn"]
[EventRounds "7"]
[EventCountry "SLO"]
[Source "ChessBase"]
[SourceDate "2009.07.02"]
[WhiteTeam "Croatia (W)"]
[BlackTeam "France (W)"]
[WhiteTeamCountry "CRO"]
[BlackTeamCountry "FRA"]

1. e4 c5 2. Nf3 Nc6 3. d4 cxd4 4. Nxd4 g6 5. c4 Bg7 6. Nc2 Nf6 7. Nc3 O-O 8.
Be2 b6 9. O-O Bb7 10. Bd2 Qb8 11. f4 d6 12. Rb1 Rd8 13. b4 e6 14. Bf3 Rd7 15.
Qe2 Qf8 16. a4 Rc8 17. Nb5 Ne8 18. Be3 Ba8 19. Rfd1 Rcd8 20. Rd3 f5 21. exf5
gxf5 22. Bf2 e5 23. Bd5+ Kh8 24. Rh3 Bf6 25. Qh5 Rg7 26. Qxf5 Ne7 27. Qe4 Bxd5
28. cxd5 Qg8 29. Rd1 Rc8 30. Ne1 Ng6 31. fxe5 Bxe5 32. Bg3 a6 33. Bxe5 dxe5 34.
Na3 Nd6 35. Qe3 Nf5 36. Qf2 Rf8 37. Rf3 Ngh4 38. Rxf5 Nxf5 39. Nc4 Nd4 40. Qb2
Qxd5 41. Ne3 Qe4 42. Qd2 Rc7 43. Qd3 Qf4 44. h3 Qf2+ 45. Kh1 Ne2 46. N1c2 Ng3+
47. Kh2 Qf4 48. Kg1 Qf2+ 49. Kh2 Qf4 50. Kg1 Rcf7 51. Qxa6 Qf2+ 52. Kh2 Ne2 0-1

[Event "Mitropa Cup (Women) 6th"]
[Site "Rogaska Slatina"]
[Date "2009.05.10"]
[Round "2"]
[White "Fuchs, Judith"]
[Black "Novak, Ksenija"]
[Result "1/2-1/2"]
[WhiteElo "2238"]
[BlackElo "2174"]
[PlyCount "117"]
[EventDate "2009.05.09"]
[EventType "team-tourn"]
[EventRounds "7"]
[EventCountry "SLO"]
[Source "ChessBase"]
[SourceDate "2009.07.02"]
[WhiteTeam "Germany (W)"]
[BlackTeam "Slovenia (W) II"]
[WhiteTeamCountry "GER"]
[BlackTeamCountry "SLO"]

1. e4 d5 2. exd5 Qxd5 3. Nc3 Qa5 4. d4 Nf6 5. Bc4 Bg4 6. f3 Bf5 7. g4 Bg6 8.
Nge2 Nbd7 9. h4 h6 10. Nf4 e5 11. Nxg6 fxg6 12. Bd2 O-O-O 13. d5 Qc5 14. Qe2
Nb6 15. Bb3 Nbxd5 16. Nxd5 Nxd5 17. O-O-O Be7 18. Qe4 Nf4 19. Be3 Qc6 20. Qxc6
bxc6 21. Bxf4 exf4 22. Bf7 Rxd1+ 23. Rxd1 Bxh4 24. Bxg6 Rf8 25. Bf5+ Kb7 26.
Rd7 Bf6 27. Bg6 Be5 28. Re7 Bf6 29. Rd7 Kb6 30. b3 Bc3 31. Rd3 Be5 32. Rd7 Bc3
33. Rd3 Rf6 34. Be4 Be5 35. Rd7 Rd6 36. Rxd6 cxd6 37. Kd2 Kc5 38. Kd3 a5 39. a4
d5 40. Bg6 Kb4 41. Bf7 Kc5 42. Bg6 Kd6 43. Be8 Bb2 44. Ke2 c5 45. Bf7 Ke5 46.
Kd3 Ba3 47. Bg8 d4 48. Bf7 Kf6 49. Be8 Kg5 50. Ke2 g6 51. Bf7 h5 52. gxh5 gxh5
53. Kf1 h4 54. Be6 Kf6 55. Bh3 Ke5 56. Bd7 d3 57. cxd3 Kd4 58. Kg2 Bb4 59. Bc6
1/2-1/2

[Event "Mitropa Cup (Women) 6th"]
[Site "Rogaska Slatina"]
[Date "2009.05.10"]
[Round "2"]
[White "Rozic, Vesna"]
[Black "Ohme, Melanie"]
[Result "1/2-1/2"]
[WhiteElo "2249"]
[BlackElo "2242"]
[PlyCount "128"]
[EventDate "2009.05.09"]
[EventType "team-tourn"]
[EventRounds "7"]
[EventCountry "SLO"]
[Source "ChessBase"]
[SourceDate "2009.07.02"]
[WhiteTeam "Slovenia (W) II"]
[BlackTeam "Germany (W)"]
[WhiteTeamCountry "SLO"]
[BlackTeamCountry "GER"]

1. d4 Nf6 2. Nf3 g6 3. Bg5 Bg7 4. Nbd2 O-O 5. c3 d6 6. e4 c5 7. d5 h6 8. Bh4 e6
9. dxe6 Bxe6 10. Bc4 Bxc4 11. Bxf6 Qxf6 12. Nxc4 Qe6 13. Qd5 Qxd5 14. exd5 Re8+
15. Kd2 Bf8 16. Rhe1 Nd7 17. Rxe8 Rxe8 18. Re1 Rb8 19. Ne3 f5 20. g3 Nf6 21.
Nh4 Kf7 22. Nhg2 b5 23. Kc2 Re8 24. a4 a6 25. axb5 axb5 26. Ra1 Ne4 27. Ra7+
Kf6 28. f4 Re7 29. Ra8 Bg7 30. Rb8 Ra7 31. Rxb5 Ra1 32. Nd1 g5 33. Rb7 Kg6 34.
Rd7 Ra6 35. Nge3 Nf6 36. Rb7 gxf4 37. gxf4 h5 38. Nxf5 Kxf5 39. Rxg7 Kxf4 40.
Rf7 Kg5 41. Ne3 Ra1 42. Rg7+ Kf4 43. Kd3 Rh1 44. Ng2+ Kf5 45. Nh4+ Kf4 46. Ng6+
Kf5 47. Ne7+ Kf4 48. Rf7 Ke5 49. Ng6+ Kf5 50. Nh4+ Ke5 51. c4 Rd1+ 52. Kc3 Rc1+
53. Kb3 Rf1 54. Ka4 Rf2 55. b3 Ng4 56. Rxf2 Nxf2 57. Kb5 Ng4 58. h3 Nf2 59. Kc6
Nxh3 60. Ng6+ Kf6 61. Nh4 Ke5 62. Ng6+ Kf6 63. Nh4 Ke5 64. Ng6+ Kf6 1/2-1/2

[Event "Mitropa Cup (Women) 6th"]
[Site "Rogaska Slatina"]
[Date "2009.05.11"]
[Round "3"]
[White "Nicoara, Malina"]
[Black "Bauer, Marie Christine"]
[Result "1-0"]
[WhiteElo "2167"]
[BlackElo "1871"]
[PlyCount "52"]
[EventDate "2009.05.09"]
[EventType "team-tourn"]
[EventRounds "7"]
[EventCountry "SLO"]
[Source "ChessBase"]
[SourceDate "2009.07.02"]
[WhiteTeam "France (W)"]
[BlackTeam "Austria (W)"]
[WhiteTeamCountry "FRA"]
[BlackTeamCountry "AUT"]

1. d4 Nf6 2. c4 c5 3. d5 e6 4. Nc3 exd5 5. cxd5 d6 6. e4 g6 7. f4 Bg7 8. Nf3
Nbd7 9. Be2 O-O 10. O-O Re8 11. Nd2 a6 12. a4 Qc7 13. Kh1 Rb8 14. e5 dxe5 15.
Nc4 e4 16. f5 Ra8 17. fxg6 hxg6 18. Bf4 Qd8 19. Qb3 Nh5 20. Bxh5 gxh5 21. Nd6
Rf8 22. Ncxe4 Ne5 23. Bg5 Qc7 24. Bf6 Qd7 25. Nf5 Bh8 26. Qe3 Ng6 1-0

[Event "Mitropa Cup (Women) 6th"]
[Site "Rogaska Slatina"]
[Date "2009.05.11"]
[Round "3"]
[White "Novkovic, Julia"]
[Black "Flear, Christine"]
[Result "0-1"]
[WhiteElo "2143"]
[BlackElo "2172"]
[PlyCount "82"]
[EventDate "2009.05.09"]
[EventType "team-tourn"]
[EventRounds "7"]
[EventCountry "SLO"]
[Source "ChessBase"]
[SourceDate "2009.07.02"]
[WhiteTeam "Austria (W)"]
[BlackTeam "France (W)"]
[WhiteTeamCountry "AUT"]
[BlackTeamCountry "FRA"]

1. e4 c5 2. Nf3 e6 3. d4 cxd4 4. Nxd4 a6 5. Bd3 Ne7 6. O-O Nbc6 7. Nxc6 Nxc6 8.
Nc3 b5 9. f4 Bc5+ 10. Kh1 O-O 11. e5 g6 12. Ne4 Be7 13. a4 Bb7 14. Be3 Nb4 15.
c3 Nd5 16. Bc5 Bxc5 17. Nxc5 Bc6 18. Qe2 Qb6 19. Ne4 bxa4 20. c4 Nb4 21. Nf6+
Kg7 22. Bb1 Qd4 23. Ra3 Rh8 24. Rh3 a5 25. Rd1 Qxf4 26. Rf1 Qd4 27. Rxh7+ Rxh7
28. Nxh7 Qh4 29. Nf6 Rh8 30. Ng4 Rh5 31. Kg1 Na6 32. h3 Qg3 33. Qf2 Qxf2+ 34.
Kxf2 Nc5 35. Rd1 Rh8 36. Rd2 Rb8 37. Ne3 a3 38. Ke1 axb2 39. Nd1 a4 40. Nc3 a3
41. Re2 Rb4 0-1

[Event "Mitropa Cup (Women) 6th"]
[Site "Rogaska Slatina"]
[Date "2009.05.11"]
[Round "3"]
[White "Ohme, Melanie"]
[Black "Krivec, Jana"]
[Result "1/2-1/2"]
[WhiteElo "2242"]
[BlackElo "2322"]
[PlyCount "98"]
[EventDate "2009.05.09"]
[EventType "team-tourn"]
[EventRounds "7"]
[EventCountry "SLO"]
[Source "ChessBase"]
[SourceDate "2009.07.02"]
[WhiteTeam "Germany (W)"]
[BlackTeam "Slovenia (W)"]
[WhiteTeamCountry "GER"]
[BlackTeamCountry "SLO"]

1. e4 e5 2. Bc4 Nf6 3. d3 Bc5 4. Nf3 Nc6 5. O-O d6 6. c3 a6 7. Bb3 Ba7 8. Nbd2
h6 9. h3 g5 10. Nh2 Rg8 11. Nc4 g4 12. hxg4 Nxg4 13. Qf3 Qe7 14. Ne3 Nxe3 15.
Bxe3 Bxe3 16. fxe3 Be6 17. d4 Nd8 18. d5 Bd7 19. Rf2 Qh4 20. Qf6 Qxf6 21. Rxf6
Rg6 22. Rf2 h5 23. Bd1 h4 24. Nf3 h3 25. Nh4 Rg3 26. Rf3 Rg4 27. g3 Rxe4 28.
Bc2 Rg4 29. Kh2 Rg5 30. Bf5 c6 31. e4 cxd5 32. exd5 Rc8 33. Bxh3 Rc5 34. Rd1 e4
35. Bxd7+ Kxd7 36. Rf5 Rxf5 37. Nxf5 f6 38. Kg2 Nf7 39. Ne3 Ne5 40. Rf1 Ke7 41.
Rh1 Kd8 42. Rh6 Nd7 43. g4 Kc7 44. c4 Ra5 45. a3 b5 46. Rh5 bxc4 47. Nxc4 Rc5
48. b3 Nb6 49. Rh7+ Nd7 1/2-1/2

[Event "Mitropa Cup (Women) 6th"]
[Site "Rogaska Slatina"]
[Date "2009.05.11"]
[Round "3"]
[White "Srebrnic, Ana"]
[Black "Fuchs, Judith"]
[Result "1-0"]
[WhiteElo "2283"]
[BlackElo "2238"]
[PlyCount "81"]
[EventDate "2009.05.09"]
[EventType "team-tourn"]
[EventRounds "7"]
[EventCountry "SLO"]
[Source "ChessBase"]
[SourceDate "2009.07.02"]
[WhiteTeam "Slovenia (W)"]
[BlackTeam "Germany (W)"]
[WhiteTeamCountry "SLO"]
[BlackTeamCountry "GER"]

1. c4 Nf6 2. Nc3 g6 3. e4 d6 4. d4 Bg7 5. f3 O-O 6. Be3 Nbd7 7. Qd2 c5 8. Nh3
a6 9. Nf2 Qa5 10. dxc5 Nxc5 11. Rb1 Qc7 12. Be2 Be6 13. O-O Ncd7 14. Rfc1 Rfc8
15. Nd5 Bxd5 16. exd5 a5 17. Nd1 Nc5 18. Nc3 Qd7 19. Nb5 Ne8 20. Nd4 a4 21. h4
h5 22. Kh2 Bf6 23. g3 Bg7 24. Bf1 Qc7 25. Re1 Nf6 26. Nb5 Qd8 27. Bh3 Nfd7 28.
Bg5 Ne5 29. Rxe5 Bxe5 30. Bxc8 Rxc8 31. Re1 Nd7 32. Qd3 Kf8 33. Re2 Nc5 34. Qd1
Kg7 35. Be3 Nd7 36. Qxa4 e6 37. Bg5 f6 38. Be3 Ra8 39. Qb3 Nc5 40. Bxc5 dxc5
41. f4 1-0

[Event "Mitropa Cup (Women) 6th"]
[Site "Rogaska Slatina"]
[Date "2009.05.11"]
[Round "3"]
[White "Dudas, Eszter"]
[Black "Rozic, Vesna"]
[Result "1/2-1/2"]
[WhiteElo "2140"]
[BlackElo "2249"]
[PlyCount "73"]
[EventDate "2009.05.09"]
[EventType "team-tourn"]
[EventRounds "7"]
[EventCountry "SLO"]
[Source "ChessBase"]
[SourceDate "2009.07.02"]
[WhiteTeam "Hungary (W)"]
[BlackTeam "Slovenia (W) II"]
[WhiteTeamCountry "HUN"]
[BlackTeamCountry "SLO"]

1. e4 c6 2. d4 d5 3. Nc3 dxe4 4. Nxe4 Bf5 5. Ng3 Bg6 6. h4 h6 7. Nf3 Nd7 8. h5
Bh7 9. Bd3 Bxd3 10. Qxd3 Ngf6 11. Bd2 e6 12. O-O-O Qc7 13. Qe2 O-O-O 14. Ne5
Nxe5 15. dxe5 Nd5 16. Kb1 Be7 17. c4 Nb6 18. Ba5 Rxd1+ 19. Rxd1 Rd8 20. f4
Rxd1+ 21. Qxd1 Qd7 22. Qxd7+ Nxd7 23. Bc3 g6 24. Kc2 Kc7 25. b3 b6 26. hxg6
fxg6 27. Ne4 h5 28. Kd2 Nc5 29. Nxc5 Bxc5 30. b4 Be7 31. b5 c5 32. Ke2 Kd7 33.
Kf3 Ke8 34. g4 Kf7 35. Be1 Kg7 36. Bf2 Kh6 37. Be1 1/2-1/2